000 00229nam a22001097a 4500
999 _c153862
_d153862
082 _a
_b
245 _aUGC NET english literature model papers/
260 _a
_bTrueman,
_c2014.
300 _a114p.
650 _a
942 _cBK